Skoki narciarskie - zwycięzcy konkursów PK 2023/24 - Statystyki

Ogólne statystyki
  • Ten quiz został rozwiązany 39 razy
  • Średni wynik to 7 z 18
Statystyki odpowiedzi
Ilość zwycięstw Skoczek % Poprawnych
1 Maciej Kot
80%
4 Clemens Aigner
71%
2 Maximilian Ortner
60%
1 Jonas Schuster
51%
4 Robin Pedersen
51%
1 Constantin Schmid
49%
1 Clemens Leitner
46%
2 Markus Eisenbichler
46%
1 Stephan Embacher
43%
2 Benjamin Oestvold
40%
1 Zak Mogel
40%
1 Daniel Huber
34%
1 Luca Roth
34%
1 Felix Hoffmann
31%
1 Aleksander Zniszczoł
26%
1 Francisco Moerth
17%
1 Anders Haare
11%
1 Paal Haakon Bjoertomt
9%
Nie znaleziono quizów pasujących do podanych kryteriów
Rozkład punktacji
Procent ludzi z każdym wynikiem
Percentyl według liczby udzielonych odpowiedzi
Twoja historia wyników
Nie rozwiązałeś tego quizu